Statystyki dla Hasła krzyżówkowe - komputer

Kliknij tutaj aby rozwiązać quiz!

Ogólne statystyki

  • Ten quiz został rozwiązany 199 razy
  • Średni wynik to 6 z 10

Statystyki odpowiedzi

PodpowiedźHasło% Poprawnych
Urządzenie, na którym przetwarzasz daneDYSK
79%
Pamięć główna komputeraRAM
79%
Na przykład MozillaPRZEGLĄDARKA
78%
Więcej niż gigabajtTERABAJT
74%
Chroni komputerANTYWIRUS
69%
Główny element składowy komputeraPROCESOR
62%
Za jego pomocą zalogujesz sięHASŁO
61%
Składa się z bitówBAJT
48%
Inaczej hiperłączeLINK
31%
Za jej pomocą nagrasz płytęNAGRYWARKA
30%

Rozkład punktacji

Percentyl według liczby udzielonych odpowiedzi

Procent ludzi z każdym wynikiem

Twoja historia wyników

Nie rozwiązałeś tego quizu